Normal view MARC view

Entry Personal Name

Number of records used in: 1

001 - CONTROL NUMBER

  • control field: 307662

003 - CONTROL NUMBER IDENTIFIER

  • control field: DLC

005 - DATE AND TIME OF LATEST TRANSACTION

  • control field: 20241014121848.0

008 - FIXED-LENGTH DATA ELEMENTS

  • fixed length control field: 170209n| azannabbn |n aaa c

010 ## - LIBRARY OF CONGRESS CONTROL NUMBER

  • LC control number: no2017017096

035 ## - SYSTEM CONTROL NUMBER

  • System control number: (OCoLC)oca10702747

040 ## - CATALOGING SOURCE

  • Original cataloging agency: SaPrUSA
  • Language of cataloging: eng
  • Description conventions: rda
  • Transcribing agency: SaPrUSA

100 1# - HEADING--PERSONAL NAME

  • Personal name: Biswas, Asim

370 ## - ASSOCIATED PLACE

  • Associated country: Canada
  • Other associated place: Saskatoon (Sask.)
  • Source of term: naf

372 ## - FIELD OF ACTIVITY

  • Field of activity: Agriculture -- Research
  • Source of term: lcsh

373 ## - ASSOCIATED GROUP

  • Associated group: McGill University
  • Associated group: University of Saskatchewan
  • Source of term: naf

374 ## - OCCUPATION

  • Occupation: Agriculture researcher

375 ## - GENDER

  • Gender: male
  • Source of term: iso5218

377 ## - ASSOCIATED LANGUAGE

  • Language code: eng

670 ## - SOURCE DATA FOUND

  • Source citation: Pest management and agro-techniques, 2016:
  • Information found: title page (Asim Biswas) back cover (Dr. Asim Biswas, M.Sc., Ph.D. is an Agriculture researcher and Assistant Professor at McGill University, Canada. He received his Ph.D. from the University of Saskatchewan, Sakatoon, Canada)

670 ## - SOURCE DATA FOUND

  • Source citation: OCLC, February 09, 2017
  • Information found: (hdgs.: Biswas A., Biswas Asim ; usage: [usage not given], Asim Biswas)